| 000 | 01261cab a22002535a 4500 | ||
|---|---|---|---|
| 001 | L141477 | ||
| 008 | 071127e20071027xxk f 000 0 eng d | ||
| 035 | _a(Sirsi) u141477 | ||
| 041 | 0 | _aeng | |
| 100 | 1 | _aFirn, Keith | |
| 245 | 0 | 0 | _aMethod that can fall short |
| 260 | _c2007 | ||
| 490 | 0 |
_aEstates Gazette _v(0743) 27 October 2007, 192-194(3) |
|
| 520 | _aThe final article in a three part series on dilapidations examines the diminution in value approach to claims and the effect of the Landlord and Tenant Act 1927 s18(1) on claims. Provides a definition of the value of the reversion, looks at influencing factors for a dilapidations valuer, and discusses the diminution valuation approach appended to "Shortland Investments Ltd v Cargill plc" ([1995] 08 EG 163). Highlights various weaknesses with the "Shortlands" approach, and questions whether a formal valuation is always required. | ||
| 590 | _aKA | ||
| 650 | 2 | 4 | _aLANDLORD AND TENANT ACT 1927 S18(1) |
| 650 | 2 | 4 | _aSHORTLANDS INVESTMENTS LTD V CARGILL PLC |
| 650 | 2 | 4 | _aSIMMONS AND OTHERS V DRESDEN |
| 650 | 2 | 4 | _aRICS DILAPIDATIONS GUIDANCE NOTE |
| 651 | 4 |
_aEngland and Wales _y1543- |
|
| 690 | _aPROPERTY-LANDLORD AND TENANT-DILAPIDATIONS | ||
| 700 | 1 | _aStell, Patrick | |
| 942 | _n0 | ||
| 999 |
_c79504 _d79504 |
||